000 00653nam a2200241 i 4500
001 C2-0133160
003 PPAK
005 20180727123305.0
008 971028s1987 my a|||| ||||| | may d
040 _aPPAK
_beng
_cPPAK
_erda
082 0 4 _a899.233
_223
090 0 0 _a899.233
_bMAN
_dK
100 0 _aMana Sikana,
_eauthor
245 1 0 _aSahabat yang mulia
264 1 _aKuala Lumpur :
_bPrisma ,
_c1987
300 _a22 pages :
_billustrations ;
_c21 cm
336 _2rdacontent
_atext
337 _2rdamedia
_aunmediated
338 _2rdacarrier
_avolume
500 _aSiri bacaan prisma
650 1 0 _aChildren's stories, Malay
942 _ddc
_cB
999 _c41868
_d41868